Υπόμνημα εις την πρός Εβραίους και τας επτά καθολικάς

Αποθηκεύτηκε σε:
Λεπτομέρειες βιβλιογραφικής εγγραφής
Κύριος συγγραφέας: Τρεμπέλας, Παναγιώτης Ν., 1886-1977
Μορφή: Βιβλίο
Γλώσσα:Greek
Ancient Greek
Δημοσίευση: Αθήναι : Αδελφότης Θεολόγων η "Ζωή", 1941
Θέματα:
Ετικέτες: Προσθήκη ετικέτας
Δεν υπάρχουν, Καταχωρήστε ετικέτα πρώτοι!

MARC

LEADER 00000cam a2200000 i 4500
001 1/82525
008 050729s1951 gre d
035 |l 10079551 
040 |a GR-MY-UA  |b gre  |e aacr 
041 0 |a gre  |h grc 
082 0 |a 227.9  |2 (22) 
100 1 |a Τρεμπέλας, Παναγιώτης Ν.,   |d 1886-1977. 
245 1 0 |a Υπόμνημα εις την πρός Εβραίους και τας επτά καθολικάς /  |c υπό Π. Ν. Τρεμπέλα 
260 |a Αθήναι :   |b Αδελφότης Θεολόγων η "Ζωή",   |c 1941 
300 |a 464 σ.;  |c 25 εκ. 
500 |a Με: Υπόμνημα εις τας επιστολάς του Παύλου 
650 0 0 |a Bible  |x Criticism, interpretation, etc. 
852 |a INST  |b RHODES  |c KRI  |e 20050729  |h  227.9 ΤΡΕ  |p 005400022711  |q 005400022711  |t BK  |y 0 
901 |a BIBL4-2005-2 
909 |a Ρ  |b 122041 
970 |a ΚΟΖΑ  |b ΜΑΡΙΑ  |z 2005/07/29